000
00346pam a2200157a 44500
008
230515b1982 xxu||||| |||| 00| 0 eng d
020
_a
NULL
041
_a
ENGLISH
082
_a
622.338 MEE
100
_a
MEEHAN D NATHAN
245
_a
RESEVVOIR ENGINEERING MANUAL
250
_a
1
260
_a
_b
NA
_c
1982
300
_a
364
650
_a
NULL
999
_c
637841
_d
637841